Представление документа в формате MARC21

Поле Инд. ПП Название Значение
Тип записи a
Библиографический уровень m
001 _ Контрольный номер RU/URAIT/486428
005 _ Дата корректировки 20250915104108.7
008 Кодируемые данные 210728s2021 RU y f j 000 0 rus u
020 a ISBN 978-5-534-15034-6
c Цена, тираж 1659.00
040 a Служба первич. каталог. ИКО Юрайт
c Служба, преобразующая запись ИКО Юрайт
e Правила каталог. RCR
041 a Код языка текста rus
044 a Код страны публикации RU
080 a Индекс УДК 34(075.8)
084 2 Источник индекса rubbk
a Индекс другой классификации/Индекс ББК 67я73
100 1_ a Автор Некрасов Сергей Иванович
q Полное имя Сергей Иванович
245 a Заглавие Правоведение
b Продолж. заглавия Учебник и практикум для вузов
c Ответственность под ред. Некрасова С.И.
250 g пер. и доп
a Основные сведения об издании 4-е изд.
256 a Характеристики компьютерного файла Электрон. дан.
260 a Место издания Москва
b Издательство Юрайт
c Дата издания 2021
300 a Объем 645 с
440 a Серия Высшее образование
500 a Примечание URL: https://urait.ru/bcode/486428 (дата обращения: 23.11.2021).
520 a Аннотация Учебник содержит характеристику основных положений о государстве и праве, конституционных основ организации государства и общества в Российской Федерации, отраслей российской правовой системы, а также международного права. Материал излагается на основе действующего законодательства, а также практики его применения. В основу положен курс лекций, который на протяжении многих лет читается в Государственном университете управления. Соответствует актуальным требованиям федеральных государственных образовательных стандартов высшего образования. Для студентов (курсантов) высших учебных заведений, обучающихся по направлениям подготовки 38.03.02 «Менеджмент», 38.03.04 «Государственное и муниципальное управление», 38.03.03 «Управление персоналом» (квалификация (степень) «бакалавр»), специальностям 37.05.02 «Психология служебной деятельности», 57.05.01 «Пограничная деятельность», для студентов, магистрантов и аспирантов (адъюнктов) высших учебных заведений, обучающихся по другим неюридическим направлениям и специальностям, а также преподавателей и всех, кто интересуется вопросами права. Учебник может быть востребован и в системе среднего профессионального образования.
538 a Прим. о системных особенностях Режим доступа: Электронно-библиотечная система Юрайт, для авториз. пользователей
653 a Ключевые слова Основы государства и права. Теория государства и права
653 a Ключевые слова Право. Юриспруденция.
653 a Ключевые слова Основы права
653 a Ключевые слова Правоведение
653 a Ключевые слова Право
653 a Ключевые слова Основы теории права
653 a Ключевые слова Основы правоведения
700 1_ a Другие авторы Букина Марина Викторовна
q Полное имя Марина Викторовна
700 1_ a Другие авторы Воробьев Евгений Геннадьевич
q Полное имя Евгений Геннадьевич
700 1_ a Другие авторы Гладких Виктор Иванович
q Полное имя Виктор Иванович
700 1_ a Другие авторы Головина Юлия Павловна
q Полное имя Юлия Павловна
700 1_ a Другие авторы Гранатович Александр Вячеславович
q Полное имя Александр Вячеславович
700 1_ a Другие авторы Зайцева-Савкович Екатерина Витальевна
q Полное имя Екатерина Витальевна
700 1_ a Другие авторы Зарубин Владимир Анатольевич
q Полное имя Владимир Анатольевич
700 1_ a Другие авторы Звонников Виктор Иванович
q Полное имя Виктор Иванович
700 1_ a Другие авторы Киселев Сергей Георгиевич
q Полное имя Сергей Георгиевич
700 1_ a Другие авторы Кнороз Андрей Иванович
q Полное имя Андрей Иванович
700 1_ a Другие авторы Матвеев Игорь Валентинович
q Полное имя Игорь Валентинович
700 1_ a Другие авторы Михайлов Виктор Александрович
q Полное имя Виктор Александрович
700 1_ a Другие авторы Михеенко Сергей Васильевич
q Полное имя Сергей Васильевич
700 1_ a Другие авторы Опокин Алексей Борисович
q Полное имя Алексей Борисович
700 1_ a Другие авторы Питрюк Анастасия Валерьевна
q Полное имя Анастасия Валерьевна
700 1_ a Другие авторы Попов Владимир Владимирович
q Полное имя Владимир Владимирович
700 1_ a Другие авторы Савинова Людмила Петровна
q Полное имя Людмила Петровна
700 1_ a Другие авторы Сафонов Владимир Евгеньевич
q Полное имя Владимир Евгеньевич
700 1_ a Другие авторы Скворцова Адэля Фаргатовна
q Полное имя Адэля Фаргатовна
700 1_ a Другие авторы Таболин Владимир Викторович
q Полное имя Владимир Викторович
700 1_ a Другие авторы Чувашов Владимир Ильич
q Полное имя Владимир Ильич
856 40 u URL https://urait.ru/bcode/486428
x Примечание для ЭОР https://urait.ru/book/cover/7EFBF4D4-7605-46CD-AF03-BD2FD68CA854
z Примечание для пользователя Участвует в КО
856 41 u URL https://urait.ru/book/cover/7EFBF4D4-7605-46CD-AF03-BD2FD68CA854